| 000 | 00452nam a2200169Ia 4500 | ||
|---|---|---|---|
| 003 | GCL | ||
| 008 | 140319s9999 xx 000 0 ara d | ||
| 040 |
_aGCL / _cGCL |
||
| 082 | 0 | 4 |
_a813.085 _bع ا |
| 100 | 1 | _aعزت محمد ابراهيم | |
| 245 | 1 | 0 |
_aاحلام لا تكذب / _cعزت محمد ابراهيم |
| 300 | _a336\ص | ||
| 490 | _a | ||
| 650 | 0 | 4 | _aالادب العربى |
| 650 | 0 | 4 | _aالقصص العربية |
| 942 |
_2ddc _cBK |
||
| 999 |
_c38241 _d38241 |
||